| 000 | 00942nam a22002055i 4500 | ||
|---|---|---|---|
| 001 | 68548 | ||
| 003 | ES-MaACL | ||
| 005 | 20250906063049.0 | ||
| 007 | t| | ||
| 008 | 960808s18681869sp ||||1| spa d | ||
| 100 | 1 |
_aGarrido, Fernando, _d1821-1883 _955672 |
|
| 245 | 1 | 0 |
_aHistoria del reinado del último Borbón de España _b: de los crímenes, apostasías, opresión, corrupción, inmoralidad, despilfarros, hipocresía, crueldad y fanatismo de los Gobiernos que han regido España durante el reinado de Isabel de Borbón / _cpor Fernando Garrido. |
| 260 |
_aBarcelona : _bSalvador Manero, _c1868-1869. |
||
| 300 |
_a3 v. ; _c27 cm. |
||
| 651 | 4 |
_aEspaña- _xHistoria- _z1833-1840, Regencia de María Cristina de Borbón _98252 |
|
| 651 | 4 |
_aEspaña- _xHistoria- _y1840-1843, Regencia de Espartero. _9167869 |
|
| 651 | 4 |
_aEspaña- _xHistoria- _z1843-1868, Isabel II _98256 |
|
| 852 |
_aES-MaACL _jG-3324-26 |
||
| 999 |
_c68548 _d68548 |
||